000 00776nam a2200265 i 4500
001 50571
003 ES-MaACL
005 20230906162213.0
007 t|
008 030805s1970 sp ||||1| spa d
245 0 0 _aCuatro líderes.
260 _aBarcelona :
_bRodegar,
_c[1970]
300 _a246 p. ;
_c19 cm.
505 8 _aContiene: Churchill / Javier Costa. Roosevelt / J. Zuntunegui. Hitler / F. Fernández Moral. Adenauer / Frank Rotholz
700 1 _aCosta, Javier.
_941052
700 1 _aZuntunegui, J.
_9118506
700 1 _aFernández Moral, F.
_949937
700 1 _aRotholz, Frank.
_999976
740 0 _a4 líderes.
740 0 _aChurchill.
740 0 _aRoosevelt.
740 0 _aHitler.
740 1 _aAdenauer.
852 _aES-MaACL
_jC-46552
_bR.75470
999 _c50571
_d50571